4º Convención Nacional
Gardado en:
| Autor Corporativo: | |
|---|---|
| Formato: | Libro |
| Idioma: | Lingua castelá |
| Publicado: |
Santiago
Sociedad Nacional de Profesores
1963
|
| Subjects: | |
| Tags: |
Engadir etiqueta
Sen Etiquetas, Sexa o primeiro en etiquetar este rexistro!
|
MARC
| LEADER | 00000cam a2200000 a 4500 | ||
|---|---|---|---|
| 001 | UCF7902 | ||
| 003 | CL-VaPUC | ||
| 005 | 20231109073951.0 | ||
| 008 | 130711e19630000cl 1 spa d | ||
| 082 | 0 | 4 | |a 371.104 |b SOC |2 21 |
| 110 | 2 | |a Sociedad Nacional de Profesores |e author |9 621998 | |
| 245 | 1 | 0 | |a 4º Convención Nacional |
| 260 | |a Santiago |b Sociedad Nacional de Profesores |c 1963 | ||
| 300 | |a 197 p | ||
| 583 | |a last modification |c 20130711 11:26:00 |k Rodrigo Vera | ||
| 650 | 0 | 0 | |a Congresos |9 257560 |
| 650 | 0 | 0 | |a Formación profesional de profesores |9 307493 |
| 942 | |c BK | ||
| 945 | |a dcastane |d 20130711 00:00:00 | ||
| 546 | |a En Español | ||
| 536 | |a Sociedad Nacional de Profesores | ||
| 518 | |p Convención Nacional, 4, Valparaíso, 11 al 14 de mayo de 1961 | ||
| 999 | |c 384736 |d 384734 | ||
| 952 | |0 0 |1 0 |4 0 |6 371_104000000000000_SOC_1963 |7 0 |8 X |9 507667 |a FDOBUD |b FDOBUD |d 2020-01-23 |i 4988892 |o 371.104 SOC 1963 |p 4988892 |r 2020-01-23 |w 2020-01-23 |y BK_X |k BUD | ||